| Tag |
First Indicator |
Second Indicator |
Subfields |
| LEADER |
00000cam a2200000Ia 4500 |
| 001 |
in00002262521 |
| 005 |
20190326185403.0 |
| 006 |
m | d | |
| 007 |
cr |n||||||||n |
| 008 |
871105s1820 xx abcf s 000 0 eng d |
| 040 |
|
|
|a TXA
|c GKR
|d OCL
|d OCLCQ
|d Thomson Gale
|d UtOrBLW
|
| 043 |
|
|
|a n-us-ny
|
| 100 |
1 |
|
|a Watson, Elkanah,
|d 1758-1842.
|
| 245 |
1 |
0 |
|a History of the rise, progress, and existing condition of the western canals in the state of New-York :
|b from September 1788, to the completion of the middle section of the Grand Canal in 1819, together with the rise, progress, and existing state of modern agricultural societies, on the Berkshire system, from 1807 to the establishment of the board of agriculture in the State of New-York, January 10, 1820 /
|c by Elkanah Watson.
|
| 264 |
|
1 |
|a Albany :
|b D. Steele,
|c 1820.
|
| 300 |
|
|
|a 210 pages, 8 unnumbered leaves of plates (some folded) :
|b illustrations, forms, maps, 1 portrait ;
|c 23 cm.
|
| 336 |
|
|
|a text
|b txt
|2 rdacontent
|
| 337 |
|
|
|a computer
|b c
|2 rdamedia
|
| 338 |
|
|
|a online resource
|b cr
|2 rdacarrier
|
| 500 |
|
|
|a Reproduction of original from Kress Library of Business and Economics, Harvard University.
|
| 500 |
|
|
|a Goldsmiths'-Kress number 22938.6.
|
| 510 |
4 |
|
|a OCLC,
|c 16941981
|
| 533 |
|
|
|a Electronic reproduction.
|b Farmington Hills, Mich. :
|c Thomson Gale,
|d 2005.
|f (The making of the modern world).
|n Available via the World Wide Web.
|n Access limited to licensing agreements.
|7 s2005 miunns
|
| 500 |
|
|
|a Electronic resource.
|
| 650 |
|
0 |
|a Canals
|z New York (State)
|
| 650 |
|
0 |
|a Inland navigation
|z New York (State)
|
| 650 |
|
0 |
|a Agriculture
|x Societies, etc.
|
| 655 |
|
0 |
|a Electronic books.
|
| 830 |
|
0 |
|a Making of the modern world (Goldsmiths'-Kress Library of Economic Literature)
|
| 856 |
4 |
0 |
|u http://proxy.library.tamu.edu/login?url=http://galenet.galegroup.com/servlet/MOME?af=RN&ae=U104371873&srchtp=a&ste=14&locID=txshracd2898
|z Connect to the full text of this electronic book
|t 0
|
| 999 |
|
|
|a MARS
|
| 999 |
f |
f |
|s 0d141220-1ff8-31c3-9def-f2a192fb4334
|i 5a71b7ff-a2ed-353e-8400-10ff79931298
|t 0
|
| 952 |
f |
f |
|a Texas A&M University
|b College Station
|c Electronic Resources
|d Available Online
|t 0
|h No information provided
|
| 998 |
f |
f |
|t 0
|l Available Online
|